| 000 | 00549nam a2200193 i 4500 | ||
|---|---|---|---|
| 001 | bg | ||
| 100 | 1 | _aSTĘPNIEWSKI, Alfred | |
| 245 | 0 | 0 |
_aWykłady z mechaniki. _nT. 1, _pStatyka i kinematyka / _cAlfred Stępniewski. |
| 260 |
_aSzczecin : _bnakł autora, _c1993. |
||
| 300 |
_a555 s. : _brys., wykr. ; _c24 cm. |
||
| 650 | 9 |
_aStatyka _xmechanika |
|
| 650 | 9 |
_aKinematyka _xmechanika |
|
| 655 | _aPodręczniki akademickie | ||
| 040 | _cBPK | ||
| 041 | 0 | _apl | |
| 080 | _a531.1/2(075.8) | ||
| 942 | _cKS | ||
| 008 | s pl f |000 0 pol | ||
| 999 |
_c6683 _d6683 |
||
| 856 |
_uhttp://koha.tu.koszalin.pl/cgi-bin/koha/opac-detail.pl?biblionumber=6683 _yKatalog online BPK |
||